|
|
|
|
| LEADER |
01517nam a2200349 a 4500 |
| 001 |
1213254 |
| 008 |
090621s1999 nz a b 001 0 eng d |
| 010 |
|
|
|a \\\99023505
|
| 020 |
|
|
|a 0750303670 (hard cover : alk. paper)
|
| 020 |
|
|
|a 0750303689 (paperback : alk. paper)
|
| 020 |
|
|
|a 8188689149
|
| 040 |
|
|
|a DNLM/DLC
|c DLC
|d DLC
|
| 082 |
0 |
0 |
|a 612/.014
|2 21
|
| 245 |
0 |
0 |
|a Medical physics and biomedical engineering /
|c B.H. Brown ... [et al.].
|
| 260 |
|
|
|a Bristol ;
|a Philadelphia :
|b Institute of Physics Pub. ;
|a New Delhi :
|b IOP Pub.,
|c 1999.
|
| 300 |
|
|
|a xxvi, 736 p. :
|b ill. ;
|c 25 cm.
|
| 490 |
1 |
|
|a Medical science series
|
| 500 |
|
|
|a Based on: Medical physics and physiological measurement / B.H. Brown & R.H. Smallwood. Oxford ; Boston : Blackwell Scientific Publications, 1981.
|
| 504 |
|
|
|a Includes bibliographical references and index.
|
| 541 |
1 |
|
|e 00016291
|
| 650 |
|
0 |
|a Medical physics.
|
| 650 |
|
0 |
|a Biomedical engineering.
|
| 650 |
|
0 |
|a Human physiology
|x Measurement.
|
| 650 |
|
0 |
|a Biomedical engineering.
|
| 650 |
|
0 |
|a Human physiology
|x Measurement.
|
| 650 |
1 |
2 |
|a Biophysics.
|
| 650 |
2 |
2 |
|a Biomedical Engineering.
|
| 700 |
1 |
|
|a Brown, B. H.
|q (Brian H.)
|
| 700 |
1 |
|
|a Brown, B. H.
|q (Brian H.)
|t Medical physics and physiological measurement.
|
| 852 |
4 |
|
|a Ayesha Abed Library
|j General shelf
|
| 999 |
|
|
|c 1614
|d 1614
|
| 952 |
|
|
|0 0
|1 0
|2 ddc
|4 0
|6 612_014000000000000_MED_2005
|7 0
|9 1483
|a BRACUL
|b BRACUL
|c GEN
|d 2009-06-28
|g 1290.00
|l 5
|m 37
|o 612.014 MED
|p 3010016291
|r 2024-02-05
|s 2023-06-03
|t 1
|w 2009-06-28
|y BK
|